[Event "AUTO-OPEN-3960"]
[Site "http://www.queenalice.com/game.php?id=1550354"]
[Date "2018.11.23"]
[Round "2"]
[White "Canaye"]
[Black "lcf64"]
[Result "0-1"]
[WhiteElo "1801"]
[BlackElo "1994"]

1. d4 Nf6 2. c4 e6 3. Nc3 Bb4 4. Qc2 c5 5. dxc5 Nc6 6. Nf3 O-O 7. a3 Qa5 8. Bd2
Bxc3 9. Bxc3 Qxc5 10. b3 Re8 11. e3 Qe7 12. Bd3 d5 13. cxd5 Nxd5 14. O-O Nxc3
15. Qxc3 Bd7 16. Rfd1 Red8 17. Qc2 g6 18. b4 Rac8 19. Rac1 Nxb4 20. Qb1 Rxc1 21.
Rxc1 Nxd3 22. Qxd3 Bc6 23. Qe2 Qxa3 24. Re1 Qb4 25. h3 Bxf3 26. gxf3 Rd2 27. Qf1
a5 28. Rc1 Rb2 29. Rc8+ Kg7 30. Qd3 Qe1+ 31. Kg2 Qxf2+ 0-1

[Event "AUTO-OPEN-3960"]
[Site "http://www.queenalice.com/game.php?id=1550355"]
[Date "2018.11.23"]
[Round "2"]
[White "lcf64"]
[Black "Canaye"]
[Result "1-0"]
[WhiteElo "2010"]
[BlackElo "1793"]

1. Nf3 e6 2. g3 d5 3. Bg2 c5 4. O-O Nc6 5. d3 Nf6 6. Bg5 Be7 7. Nc3 a6 8. a4 h6
9. Bf4 O-O 10. Re1 Bd7 11. e4 d4 12. Ne2 g5 13. Bc1 e5 14. c3 Qc8 15. h4 Nh7 16.
hxg5 Nxg5 17. Nxg5 hxg5 18. Kh2 Kg7 19. Rh1 Rh8+ 20. Kg1 Bg4 21. f3 Rxh1+ 22.
Bxh1 Bh5 23. Bg2 f5 24. exf5 g4 25. f4 Qxf5 26. Be4 Qf6 27. Bd2 Rd8 28. c4 exf4
29. Nxf4 Qh6 30. Bxc6 bxc6 31. Qe2 Kf7 32. Rf1 Ke8 33. Ne6 Qg6 34. Nxd8 Kxd8 35.
Bf4 Qg7 36. Qe6 Be8 37. Qe1 Bg6 38. Qa5+ Ke8 39. Qxa6 Qf6 40. Qc8+ Bd8 41. Re1+
Kf7 42. Be5 Qg5 43. Qxc6 Bxd3 44. Bf4 Qf6 45. Qe8+ Kg7 46. Be5 Qxe5 47. Qxe5+
Bf6 48. Qxc5 Bc2 49. a5 d3 50. a6 d2 51. Rf1 d1=Q 52. Rxd1 Bxd1 53. b4 Bf3 54.
b5 Kg6 55. b6 Bd8 56. b7 1-0

[Event "AUTO-ADV-4052"]
[Site "http://www.queenalice.com/game.php?id=1550708"]
[Date "2018.11.26"]
[Round "2"]
[White "lcf64"]
[Black "Wefferson44"]
[Result "1/2-1/2"]
[WhiteElo "2070"]
[BlackElo "1965"]

1. e4 e5 2. Nf3 Nc6 3. Bb5 d6 4. O-O Bd7 5. Nc3 a6 6. Bxc6 Bxc6 7. d4 exd4 8.
Qxd4 Qf6 9. Re1 Be7 10. Nd5 Bxd5 11. exd5 Qxd4 12. Nxd4 O-O-O 13. a4 Bf6 14. Be3
Ne7 15. c4 Ng6 16. Rab1 Ne5 17. b3 Ng4 18. Nf3 Rhe8 19. Bg5 Bxg5 20. Nxg5 f6 21.
Ne6 Rd7 22. h3 Ne5 23. Rbd1 g5 24. f3 h5 25. Kf2 g4 26. hxg4 hxg4 27. f4 Ng6 28.
g3 Nf8 29. f5 Nh7 30. a5 Nf8 31. Ke3 Nxe6 32. fxe6 Rg7 33. Kf4 Rg5 34. Rd2 Kd8
35. Rh2 c6 36. Rh7 cxd5 37. Rd7+ Kc8 38. Rxd6 dxc4 39. Rc1 Rxa5 40. Rxc4+ Kb8
41. Rb4 Re5 42. Rxa6 R5xe6 43. Rxe6 Rxe6 44. Kxg4 Kc7 45. Kf4 b6 46. g4 Kc6 47.
Kf5 Rd6 48. Re4 Kd5 49. Rf4 b5 50. Kg6 Ke5 51. Rf5+ Ke4 52. Rxf6 Rd5 53. Kh6 Kd4
54. Rc6 Re5 55. g5 Re3 56. b4 Rh3+ 57. Kg7 Rb3 58. g6 Rxb4 59. Kf7 Kd5 60. Rf6
Rg4 61. g7 Rxg7+ 62. Kxg7 b4 63. Rf4 Kc5 64. Kf6 b3 65. Ke5 b2 66. Rf8 Kc4 67.
Rb8 Kc3 68. Rc8+ Kd2 69. Rb8 Kc2 70. Rc8+ Kd2 71. Rb8 Kc1 72. Rc8+ Kd2 1/2-1/2

[Event "AUTO-ADV-4052"]
[Site "http://www.queenalice.com/game.php?id=1550709"]
[Date "2018.11.26"]
[Round "2"]
[White "Wefferson44"]
[Black "lcf64"]
[Result "0-1"]
[WhiteElo "1951"]
[BlackElo "2017"]

1. e4 c6 2. Bc4 d5 3. exd5 cxd5 4. Bb3 Nf6 5. d3 e6 6. Nf3 Nc6 7. a3 Be7 8. c4
d4 9. O-O O-O 10. Nbd2 Bc5 11. Ne4 Nxe4 12. dxe4 e5 13. Ba2 a5 0-1

[Event "AUTO-ADV-4052"]
[Site "http://www.queenalice.com/game.php?id=1550710"]
[Date "2018.11.26"]
[Round "2"]
[White "lcf64"]
[Black "niclep"]
[Result "0-1"]
[WhiteElo "2057"]
[BlackElo "2074"]

1. Nf3 Nc6 2. g3 e5 3. Nc3 Nf6 4. d3 d5 5. Bg5 Be7 6. Bg2 Be6 7. O-O Qd7 8. Bxf6
Bxf6 9. e4 d4 10. Ne2 Ne7 11. Qd2 Bh3 12. Nexd4 exd4 13. e5 Bxg2 14. Kxg2 Bxe5
15. Nxe5 Qd5+ 16. Nf3 O-O 17. Qg5 Qxg5 18. Nxg5 c5 19. Rfe1 Ng6 20. Ne4 b6 21.
Nd2 Rae8 22. Ne4 Ne5 23. h3 f6 24. f4 Nc6 25. a3 Re6 26. Kf2 g5 27. Nd2 Rfe8 28.
Rxe6 Rxe6 29. Re1 Kf7 30. Rxe6 Kxe6 31. Kf3 h6 32. Kg4 Kf7 33. Kh5 Kg7 34. Ne4
gxf4 35. gxf4 Ne7 36. Nd6 Kh7 37. f5 Nd5 38. Ne8 Ne3 39. Nxf6+ Kg7 40. Ne8+ Kf7
41. Nd6+ Kf6 42. Kxh6 Nxc2 43. h4 Ne1 0-1

[Event "AUTO-ADV-4052"]
[Site "http://www.queenalice.com/game.php?id=1550711"]
[Date "2018.11.26"]
[Round "2"]
[White "niclep"]
[Black "lcf64"]
[Result "0-1"]
[WhiteElo "2118"]
[BlackElo "2053"]

1. e4 c5 2. c4 Nc6 3. d3 Nf6 4. Nf3 d6 5. h3 g6 6. Be3 Bg7 7. Be2 Nxe4 8. Qc1
Nf6 9. Nc3 O-O 10. Bh6 e5 11. Bxg7 Kxg7 12. O-O Nh5 13. Nd5 f5 14. Nh2 Nf6 15.
Nxf6 Qxf6 16. Bf3 Nd4 17. b3 e4 18. dxe4 fxe4 19. Bd1 Bd7 20. Qe3 Rae8 21. Rc1
Qf4 22. Re1 Qxe3 23. Rxe3 Nf5 24. Rec3 Bc6 25. Bg4 Nd4 26. Re1 h5 27. Bd1 Re5
28. a3 Rfe8 29. Nf1 a6 30. Ne3 Nf5 31. g3 Nd4 32. Ng2 b6 33. Nf4 Kf6 34. h4 Nf5
35. Bc2 e3 36. fxe3 Nxg3 37. Bxg6 Rg8 38. Kh2 Ne4 39. Rd3 Ke7 40. Bxh5 Rxh5 41.
Nxh5 Nf2 42. Rd2 Rg2# 0-1

[Event "AUTO-ADV-4052"]
[Site "http://www.queenalice.com/game.php?id=1550712"]
[Date "2018.11.26"]
[Round "2"]
[White "lcf64"]
[Black "Canaye"]
[Result "1-0"]
[WhiteElo "1977"]
[BlackElo "1786"]

1. Nf3 e6 2. c4 d5 3. cxd5 Qxd5 4. Nc3 Qd8 5. d4 Nf6 6. Bf4 c5 7. e3 Nc6 8. Bb5
Qb6 9. O-O Nh5 10. d5 Nxf4 11. exf4 exd5 12. Nxd5 Qd8 13. Re1+ Be7 14. Rxe7+
Qxe7 15. Nxe7 Kxe7 16. Bxc6 bxc6 17. Qc2 Rd8 18. Qxc5+ Rd6 19. Rd1 Be6 20. Qxd6+
Kf6 21. Qe5+ Ke7 22. f5 Rc8 23. fxe6 1-0

[Event "AUTO-ADV-4052"]
[Site "http://www.queenalice.com/game.php?id=1550713"]
[Date "2018.11.26"]
[Round "2"]
[White "Canaye"]
[Black "lcf64"]
[Result "0-1"]
[WhiteElo "1813"]
[BlackElo "2041"]

1. d4 Nf6 2. c4 e6 3. Nc3 Bb4 4. Qc2 O-O 5. a3 Be7 6. Nf3 b6 7. e4 Bb7 8. Bd3 g6
9. Bd2 d5 10. e5 Nh5 11. g4 Ng7 12. O-O-O dxc4 13. Be2 c6 14. h4 b5 15. h5 Na6
16. hxg6 fxg6 17. Rh6 Rxf3 18. Bxf3 Bg5 19. Rhh1 Qe7 20. Bxg5 Qxg5+ 21. Kb1 Rf8
22. Rh3 Rxf3 23. Rxf3 Qxg4 24. Rf6 Nc7 25. f3 Qh5 26. Ne4 Nd5 27. Rg1 Qh6 28.
Nd6 Ba8 29. Nc8 Nxf6 30. exf6 Nf5 31. Qe4 Qe3 32. Re1 Qxe4+ 33. Rxe4 Kf7 34. Kc2
a5 35. Nb6 Bb7 36. Nd7 Nd6 37. Rh4 h5 38. Kd2 Nf5 39. Rh3 Nxd4 40. Ke3 Nf5+ 41.
Kf4 Bc8 42. Nc5 Kxf6 43. Rh1 g5+ 44. Ke4 Ng3+ 0-1

[Event "AUTO-ADV-4103"]
[Site "http://www.queenalice.com/game.php?id=1552340"]
[Date "2018.12.8"]
[Round "1"]
[White "jambalaya"]
[Black "lcf64"]
[Result "0-1"]
[WhiteElo "1917"]
[BlackElo "2030"]

1. g3 d5 2. Bg2 Nf6 3. d3 e6 4. a3 b6 5. e3 Bb7 6. Nd2 Nbd7 7. Ne2 c5 8. O-O Qc7
9. b3 Rc8 10. Nf3 Be7 11. Bb2 O-O 12. Rc1 h6 13. c3 Rfd8 14. d4 Ne4 15. Nd2 Ndf6
16. f3 Nd6 17. e4 dxe4 18. fxe4 Ndxe4 19. Qe1 Nxd2 20. Qxd2 Bxg2 21. Kxg2 Qb7+
22. Kg1 Ne4 23. Qe1 Ng5 24. Qf2 Nh3# 0-1

[Event "AUTO-ADV-4103"]
[Site "http://www.queenalice.com/game.php?id=1552341"]
[Date "2018.12.8"]
[Round "1"]
[White "lcf64"]
[Black "jambalaya"]
[Result "1-0"]
[WhiteElo "2042"]
[BlackElo "1923"]

1. e4 c5 2. d3 b6 3. Nc3 e6 4. g3 Bb7 5. Bg2 g6 6. Nge2 Bg7 7. O-O Ne7 8. Nb5
O-O 9. Nd6 Bc6 10. Nc4 b5 11. Ne3 d6 12. c3 Nd7 13. d4 d5 14. e5 cxd4 15. cxd4
Kh8 16. Ng4 Ng8 17. Nf4 Rc8 18. Nd3 a5 19. h4 f5 20. exf6 Ndxf6 21. Bg5 Qd6 22.
Bf4 Qe7 23. Be3 Nd7 24. f4 Rf5 25. Rc1 Rff8 26. Nge5 Bxe5 27. Nxe5 Bb7 28. Qd2
Nxe5 29. fxe5 Rxf1+ 30. Bxf1 b4 31. Rxc8 Bxc8 32. Qc2 Qf8 33. Kg2 Ne7 34. Qc5
Kg8 35. Qxa5 Qf5 36. Qd8+ Kf7 37. Bg5 Qe4+ 38. Kh2 Ng8 39. Qxc8 Qxd4 40. Qc7+
Kf8 41. Qd6+ Kf7 42. Qd7+ Kf8 43. Qxe6 Qf2+ 44. Bg2 d4 45. Qd6+ Ke8 46. Qxb4 h6
47. Qd2 Qxd2 48. Bxd2 Ne7 49. Bxh6 Kd7 50. g4 Ke6 51. Bf8 Nc8 52. Be4 Kxe5 53.
Bxg6 Kf4 54. Kh3 Ke3 55. Bc5 1-0

[Event "AUTO-ADV-4103"]
[Site "http://www.queenalice.com/game.php?id=1552356"]
[Date "2018.12.8"]
[Round "1"]
[White "gomestrovao"]
[Black "lcf64"]
[Result "0-1"]
[WhiteElo "1715"]
[BlackElo "2055"]

1. e4 c6 2. d4 d5 3. e5 Bf5 4. Nf3 e6 5. Bd3 Bxd3 6. Qxd3 Nd7 7. Bg5 Qa5+ 8. Nc3
Bb4 9. O-O h6 10. Bd2 Ne7 11. a3 Bxc3 12. Bxc3 Qc7 13. h3 O-O 14. Bb4 c5 15. Bc3
c4 16. Qd2 a5 17. b4 cxb3 18. cxb3 b5 19. b4 a4 20. Rfc1 Qb7 21. Rc2 Nb6 22. Qe1
Nc4 23. Nd2 Rac8 24. Nxc4 Rxc4 25. Rac1 Rfc8 26. f4 Nf5 27. g4 Nxd4 28. Rb2 Nf3+
0-1

[Event "AUTO-ADV-4103"]
[Site "http://www.queenalice.com/game.php?id=1552357"]
[Date "2018.12.8"]
[Round "1"]
[White "lcf64"]
[Black "gomestrovao"]
[Result "1-0"]
[WhiteElo "2072"]
[BlackElo "1742"]

1. e4 e5 2. Nf3 Nc6 3. Bb5 Nd4 4. Nxd4 exd4 5. O-O Nf6 6. d3 h6 7. c3 Bc5 8. Nd2
dxc3 9. bxc3 O-O 10. Qc2 d6 11. d4 Bb6 12. Bd3 c5 13. d5 a6 14. c4 Re8 15. h3
Re5 16. Bb2 Rg5 17. f4 Rh5 18. f5 Nh7 19. Be2 Rh4 20. Nf3 Rh5 21. Nh2 Rh4 22.
Bc3 Qg5 23. Bd2 Qf6 24. Be3 Ng5 25. Bxg5 hxg5 26. Nf3 Rh6 27. Nh2 Ba5 28. Ng4
Qd4+ 29. Kh2 Rh8 30. Qa4 Bc3 31. Rad1 Qxe4 32. Bd3 Qxg4 33. Qe8+ Kh7 34. f6+ g6
35. Qxf7+ Kh6 36. Qxg6# 1-0

[Event "Challenge"]
[Site "http://www.queenalice.com/game.php?id=1559486"]
[Date "2019.2.3"]
[Round "-"]
[White "Magogue"]
[Black "lcf64"]
[Result "0-1"]
[WhiteElo "1832"]
[BlackElo "2048"]

1. e4 e5 2. Nf3 Nc6 3. d4 exd4 4. Nxd4 Nf6 5. Nxc6 bxc6 6. Bd3 Be7 7. O-O O-O 8.
Nc3 d5 9. exd5 cxd5 10. Bg5 c6 11. Re1 Be6 12. Bxf6 Bxf6 13. Qh5 g6 14. Bxg6
hxg6 15. Qf3 Kg7 16. Rxe6 fxe6 17. Nxd5 exd5 18. Qxf6+ Qxf6 19. Kf1 Qxf2# 0-1

[Event "AUTO-ADV-4103"]
[Site "http://www.queenalice.com/game.php?id=1569222"]
[Date "2019.4.29"]
[Round "2"]
[White "lcf64"]
[Black "avieytoa"]
[Result "1-0"]
[WhiteElo "2073"]
[BlackElo "1791"]

1. d4 d5 2. Nf3 Nf6 3. e3 Nc6 4. c4 Bf5 5. cxd5 Qxd5 6. Nc3 Qd8 7. a3 e6 8. Be2
Be7 9. O-O O-O 10. Nh4 Bg6 11. Nxg6 fxg6 12. b4 a6 13. Bb2 b5 14. Bf3 Qd7 15.
Rc1 Rab8 16. Qc2 Na7 17. Ne4 Nc8 18. Qxc7 Qxc7 19. Rxc7 Nxe4 20. Bxe4 Bd6 21.
Rb7 Ne7 22. Ra7 Rb6 23. Rc1 Bb8 24. Rxe7 Rf7 25. Rxf7 Kxf7 26. Rc6 Rxc6 27. Bxc6
Bc7 28. g3 h5 29. Kg2 g5 30. Kf3 g4+ 31. Ke4 g5 32. d5 exd5+ 33. Kxd5 h4 34. Be5
Bd8 35. Bb7 a5 36. Bc3 axb4 37. Bxb4 Bc7 38. Bc6 hxg3 39. hxg3 Kg6 40. Bxb5 Kf5
41. Bd3+ Kf6 42. a4 1-0

[Event "AUTO-ADV-4103"]
[Site "http://www.queenalice.com/game.php?id=1569223"]
[Date "2019.4.29"]
[Round "2"]
[White "avieytoa"]
[Black "lcf64"]
[Result "1/2-1/2"]
[WhiteElo "1876"]
[BlackElo "2078"]

1. e4 e5 2. Nf3 Nc6 3. Bc4 Be7 4. O-O Nf6 5. Nc3 d6 6. d3 O-O 7. h3 Be6 8. Bxe6
fxe6 9. Ng5 Qc8 10. a3 a6 11. Be3 h6 12. Nf3 d5 13. exd5 exd5 14. Bd2 Qf5 15.
Nh4 Qd7 16. Ng6 Rf7 17. Nxe7+ Nxe7 18. Ne2 c5 19. Ba5 d4 20. c4 Raf8 21. Bd2 Ng6
22. b4 Qc6 23. f3 Ne7 24. Kh2 Nh5 25. Ng3 Nxg3 26. Kxg3 Kh8 27. Kh2 Qg6 28. Rg1
Qxd3 29. bxc5 Nc6 30. Bb4 Qxc4 31. Rc1 Qe6 32. Qd2 Qf5 33. Rgf1 Qf4+ 34. Qxf4
Rxf4 35. Rfe1 g5 36. Bd2 R4f5 37. Rb1 R5f7 38. h4 Rg8 39. hxg5 hxg5 40. Kg3 Kh7
41. Kg4 Rfg7 42. Rh1+ Kg6 43. Bxg5 Kf7 44. Rxb7+ Ke6 45. Rxg7 Rxg7 46. Re1 Kd5
47. Rc1 e4 48. fxe4+ Kxe4 49. g3 Ne5+ 50. Kh5 Nf7 51. Bf4 Nd8 52. c6 Ne6 53. c7
Nxf4+ 54. gxf4 Rxc7 55. Rxc7 Kxf4 56. Rf7+ Ke4 57. Re7+ Kd5 58. Rd7+ Kc4 59.
Rc7+ Kb5 60. Kg5 d3 61. Rc3 d2 62. Rd3 Ka4 63. Rxd2 Kxa3 64. Rd6 a5 65. Rd3+ Kb4
66. Kf5 a4 67. Ke4 a3 68. Kd4 a2 69. Rd1 Kb3 70. Rd3+ Kb2 71. Rd2+ Kb3 72. Rd3+
1/2-1/2

[Event "AUTO-ADV-4103"]
[Site "http://www.queenalice.com/game.php?id=1569224"]
[Date "2019.4.29"]
[Round "2"]
[White "lcf64"]
[Black "jeffcom2f"]
[Result "1-0"]
[WhiteElo "2069"]
[BlackElo "1737"]

1. Nf3 d5 2. d4 Nf6 3. c4 e6 4. e3 Bb4+ 5. Bd2 Bxd2+ 6. Nbxd2 O-O 7. Qc2 Nc6 8.
a3 a5 9. Bd3 g6 10. O-O Qe7 11. h3 Bd7 12. Rfe1 e5 13. dxe5 Nxe5 14. Nxe5 Qxe5
15. Nf3 Qd6 16. cxd5 Nxd5 17. Rac1 Qc6 18. Qb1 Qd6 19. Red1 Qe7 20. Bxg6 fxg6
21. Rxd5 Be6 22. Rd4 Bf5 23. Qa1 Qf6 24. Qa2+ Kh8 25. Rxc7 Qe6 26. Qxe6 Bxe6 27.
Kh2 Rab8 28. b4 b6 29. Ng5 Bg8 30. Nf3 Be6 31. Rd6 Rfe8 32. b5 Kg8 33. a4 h6 34.
Rcc6 Bf7 35. Nd4 Kg7 36. Rxb6 Rxb6 37. Rxb6 Rc8 38. Ra6 Bd5 39. Rxa5 Ra8 40.
Rxa8 Bxa8 41. a5 Kf6 42. a6 Ke7 43. Kg3 Kd6 44. f3 Kc5 45. Kf4 Kd5 46. b6 1-0

[Event "AUTO-ADV-4103"]
[Site "http://www.queenalice.com/game.php?id=1569225"]
[Date "2019.4.29"]
[Round "2"]
[White "jeffcom2f"]
[Black "lcf64"]
[Result "0-1"]
[WhiteElo "1740"]
[BlackElo "2066"]

1. e4 e5 2. Nf3 Nc6 3. Bc4 Be7 4. Nc3 d6 5. Nd5 Nf6 6. d3 O-O 7. O-O Nxd5 8.
Bxd5 Nb8 9. c3 c6 10. Bb3 Nd7 11. d4 Bf6 12. Be3 a6 13. dxe5 dxe5 14. c4 c5 15.
Qd3 Qc7 16. Rad1 b6 17. Qd6 Qb8 18. Qxb8 Rxb8 19. a4 h6 20. Bc2 Re8 21. Rd6 Be7
22. Rd5 f6 23. Bd2 Nf8 24. b4 Be6 25. Rd3 Bxc4 26. Rd5 Bxd5 27. exd5 cxb4 28.
Bb3 Bd6 29. Bxb4 Bxb4 30. d6+ Kh7 31. Rd1 Nd7 32. Bc2+ g6 33. Bb3 Rbc8 34. Bf7
Red8 35. Be6 Kg7 36. h3 Rc6 37. Bxd7 Rxd7 38. Ne1 Bxe1 39. Rxe1 Rdxd6 40. Ra1
Rd2 41. Rf1 Rcc2 0-1

[Event "AUTO-OPEN-3960"]
[Site "http://www.queenalice.com/game.php?id=1578310"]
[Date "2019.7.24"]
[Round "3"]
[White "lcf64"]
[Black "LOMBARDY"]
[Result "0-1"]
[WhiteElo "2125"]
[BlackElo "2199"]

1. Nf3 d5 2. d4 Nf6 3. e3 e6 4. c4 c6 5. Nbd2 Bd6 6. Bd3 Nbd7 7. c5 Bb8 8. b4 e5
9. dxe5 Nxe5 10. Be2 Bf5 11. Nxe5 Bxe5 12. Ba3 Bxa1 13. Qxa1 Qe7 14. O-O O-O 15.
Bb2 Ne8 16. Nf3 f6 17. a4 Nc7 18. Nd4 Bg6 19. Re1 Rae8 20. Qc1 f5 0-1

[Event "AUTO-OPEN-3960"]
[Site "http://www.queenalice.com/game.php?id=1578311"]
[Date "2019.7.24"]
[Round "3"]
[White "LOMBARDY"]
[Black "lcf64"]
[Result "1-0"]
[WhiteElo "2209"]
[BlackElo "2115"]

1. d4 Nf6 2. c4 g6 3. Nc3 d5 4. Nf3 Bg7 5. Bf4 c6 6. e3 O-O 7. h3 Nh5 8. Bh2 Nf6
9. cxd5 cxd5 10. Bd3 a6 11. O-O e6 12. Rc1 b5 13. a3 Bb7 14. Bb1 Nbd7 15. Qb3
Nb6 16. Nxb5 1-0